Statistics for Colorado Counties & Seats on a Map

Click here to take the quiz!

General Stats

  • This quiz has been taken 119 times
  • The average score is 96 of 128

Answers on the Map

Answers color-coded by a green-red scale on the quiz's map according to % correct below.
 

Answer Stats

Type% Correct
CountyJefferson County
94%
SeatBoulder
92%
CountyBoulder County
92%
CountyCity and County of Denver
92%
SeatDenver
92%
CountyWashington County
92%
CountyAdams County
91%
SeatColorado Springs
91%
CountyGrand County
91%
CountyArapahoe County
89%
SeatEagle
89%
CountyEagle County
89%
SeatFort Collins
89%
SeatGrand Junction
89%
CountyMesa County
89%
SeatPueblo
89%
CountyPueblo County
89%
SeatBroomfield
87%
CountyCity and County of Broomfield
87%
CountyEl Paso County
87%
CountyLarimer County
87%
CountySummit County
87%
CountyWeld County
87%
CountyClear Creek County
85%
SeatDurango
85%
SeatFort Morgan
85%
SeatGolden
85%
CountyLake County
85%
SeatMontrose
85%
CountyMontrose County
85%
CountyPark County
85%
SeatAlamosa
83%
CountyAlamosa County
83%
SeatAspen
83%
CountyDouglas County
83%
SeatGreeley
83%
SeatGunnison
83%
CountyGunnison County
83%
CountyKit Carson County
83%
CountyLincoln County
83%
CountySedgwick County
83%
SeatSteamboat Springs
83%
SeatTrinidad
83%
CountyCheyenne County
81%
SeatCortez
81%
SeatDelta
81%
CountyDelta County
81%
CountyGarfield County
81%
SeatGlenwood Springs
81%
SeatOuray
81%
CountyOuray County
81%
CountyRoutt County
81%
SeatBreckenridge
79%
CountyJackson County
79%
SeatKiowa
79%
CountyKiowa County
79%
SeatLas Animas
79%
CountyLas Animas County
79%
CountyMontezuma County
79%
CountyPitkin County
79%
CountySan Juan County
79%
SeatCastle Rock
77%
CountyDolores County
77%
SeatFairplay
77%
CountyGilpin County
77%
CountyHinsdale County
77%
CountyLa Plata County
77%
SeatLeadville
77%
CountyMoffat County
77%
CountyMorgan County
77%
CountyRio Blanco County
77%
CountyTeller County
77%
CountyBaca County
75%
CountyFremont County
75%
CountyHuerfano County
75%
CountyYuma County
75%
SeatBrighton
74%
CountyChaffee County
74%
SeatConejos
74%
CountyConejos County
74%
CountyElbert County
74%
SeatLittleton
74%
CountyMineral County
74%
CountyOtero County
74%
CountyPhillips County
74%
CountySaguache County
74%
CountySan Miguel County
74%
SeatCañon City
72%
CountyCostilla County
72%
CountyLogan County
72%
CountyRio Grande County
72%
CountyBent County
70%
SeatBurlington
70%
SeatCentral City
70%
CountyCrowley County
70%
SeatGeorgetown
70%
SeatLake City
70%
SeatWalsenburg
70%
SeatCraig
68%
CountyProwers County
68%
SeatSilverton
68%
SeatTelluride
68%
SeatCripple Creek
66%
CountyCuster County
66%
SeatLa Junta
66%
SeatLamar
66%
SeatSalida
66%
SeatSterling
66%
SeatJulesburg
64%
SeatSpringfield
64%
CountyArchuleta County
62%
SeatMeeker
60%
SeatPagosa Springs
60%
SeatWalden
58%
SeatWray
58%
SeatHot Sulphur Springs
55%
SeatSaguache
55%
SeatCheyenne Wells
53%
SeatCreede
53%
SeatSan Luis
51%
SeatDel Norte
47%
SeatOrdway
47%
SeatWestcliffe
47%
SeatAkron
45%
SeatDove Creek
45%
SeatEads
45%
SeatHolyoke
45%
SeatHugo
45%

Score Distribution

Percentile by Number Answered

Percent of People with Each Score

Your Score History

You have not taken this quiz